| 000 | 00690nam a22002297a 4500 | ||
|---|---|---|---|
| 005 | 20140310183639.0 | ||
| 008 | 131214b xxu||||| |||| 00| 0 eng d | ||
| 020 | _a9781259004636 | ||
| 050 |
_aHG 4026 _b.J25 2013 |
||
| 100 | _aJain, PK. | ||
| 245 |
_aBasic Financial management / _cM. Y. Khan, P. K. Jain |
||
| 250 | _a3rd ed. | ||
| 260 |
_aNew Delhi : _bTata McGraw Hill Education, _c2013. |
||
| 300 |
_bill. ; _c23 cm. |
||
| 504 | _aIncludes Bibliographic References and Index. | ||
| 521 | _aBSBA | ||
| 650 |
_aBusiness enterprises _xFinance _yIndia |
||
| 650 |
_aCorporations _xFinance _yIndia |
||
| 700 |
_aKhan, M. Y. _eauthor |
||
| 942 |
_2lcc _cBK _kFOR |
||
| 999 |
_c25772 _d25772 |
||